| 000 | 00657nam a2200205Ia 4500 | ||
|---|---|---|---|
| 008 | 090201s9999 xx 000 0 und d | ||
| 010 | _aKPL-68767 | ||
| 020 | _a81-86926-28-3 | ||
| 040 | _bमराठी | ||
| 041 | _aमराठी | ||
| 082 |
_a47276 _b68767 |
||
| 100 | _aशिरीष कणेकर | ||
| 245 |
_aवेचक शिरीष कणेकर (रामबाग) _cशिरीष कणेकर |
||
| 250 | _a2 | ||
| 260 |
_c2004 _bदिलीप प्रकाशन |
||
| 300 | _a371 | ||
| 300 | _bमध्यम | ||
| 600 | _aवेचक शिरीष कणेकर (रामबाग) | ||
| 942 | _cBOOK | ||
| 999 |
_c243991 _d243991 |
||